Rethinking Development in East Asia / (Record no. 616579)

MARC details
000 -LEADER
fixed length control field 00647nam a2200169Ia 4500
008 - FIXED-LENGTH DATA ELEMENTS--GENERAL INFORMATION
fixed length control field 260302s9999 xx 000 0 und d
020 ## - INTERNATIONAL STANDARD BOOK NUMBER
ISBN 9780700712144
082 ## - DEWEY DECIMAL CLASSIFICATION NUMBER
Classification number 338.91095
Item number MAS
100 ## - MAIN ENTRY--AUTHOR NAME
Personal name Masina, Pietro P.
245 #0 - TITLE STATEMENT
Title Rethinking Development in East Asia /
Statement of responsibility, etc Masina, Pietro P.
260 ## - PUBLICATION, DISTRIBUTION, ETC. (IMPRINT)
Name of publisher Psychology Press,
Year of publication 2002
300 ## - PHYSICAL DESCRIPTION
Number of Pages 341 pages
520 ## - SUMMARY, ETC.
Summary, etc Masina reassesses the last thirty years of economic development in East Asia in light of recent dramatic events, challenging scholars and policy makers to critically review development strategies.
650 ## - SUBJECT ADDED ENTRY--TOPICAL TERM
Topical Term Business & Economics
942 ## - ADDED ENTRY ELEMENTS (KOHA)
Koha item type English Books
Holdings
Withdrawn status Lost status Damaged status Not for loan Home library Current library Shelving location Date acquired Full call number Accession Number Price effective from Koha item type
        Anna Centenary Library Anna Centenary Library 4TH FLOOR, A WING 02.03.2026 338.91095 MAS 171405 02.03.2026 English Books

Find us on the map